Statistics for US States Closest to Africa

Click here to take the quiz!

General Stats

  • This quiz has been taken 34 times
  • The average score is 23 of 25

Answer Stats

HintAnswer% Correct
6,707kmFlorida
100%
5,076kmMaine
100%
5,544kmNew York
100%
5,999kmNorth Carolina
97%
5,474kmRhode Island
97%
5,870kmDelaware
94%
6,615kmGeorgia
94%
6,487kmKentucky
94%
5,410kmNew Hampshire
94%
6,329kmSouth Carolina
94%
5,453kmVermont
94%
5,877kmMaryland
91%
5,712kmNew Jersey
91%
6,223kmOhio
91%
5,769kmPennsylvania
91%
6,494kmTennessee
91%
5,905kmVirginia
91%
5,519kmConnecticut
88%
6,571kmIndiana
88%
6,892kmAlabama
85%
5,372kmMassachusetts
85%
6,336kmMichigan
85%
6,075kmWest Virginia
85%
6,718kmMinnesota
79%
6,606kmWisconsin
70%

Score Distribution

Percentile by Number Answered

Percent of People with Each Score

Your Score History

You have not taken this quiz